Identificació i conservació de fotografies / Jordi Mestre i Vergés
Descripción Física:
44 p. : il. , 30 cm
Colección:
Normes i reglaments de l'Arxiu Municipal ; 3
MARC
| LEADER | 00000nam a2200000Ia 4500 | ||
|---|---|---|---|
| 001 | 11711 | ||
| 008 | 160829s1997 xx 000 0 cat d | ||
| 080 | |a FU-28-11 | ||
| 100 | |a Mestre i Vergés, Jordi |9 21096 | ||
| 245 | |a Identificació i conservació de fotografies / Jordi Mestre i Vergés | ||
| 260 | |a Barcelona : |b Ajuntament de Barcelona, Arxiu Municipal de Barcelona, |c 1997 | ||
| 300 | |a 44 p. : |b il. , 30 cm | ||
| 490 | |a Normes i reglaments de l'Arxiu Municipal ; 3 | ||
| 650 | |a Fotografies |x Conservació i restauració |9 21097 | ||
| 650 | |a Fotografia |x Procediments d'impressió |9 21098 | ||
| 710 | 1 | |a Barcelona (Catalunya). |b Ajuntament |9 50981 | |
| 710 | 2 | |a Arxiu Municipal de Barcelona |9 55021 | |
| 901 | |a Arxiu | ||
| 942 | |n 1 | ||
| 952 | |0 0 |1 0 |4 0 |6 FU2811 |7 1 |9 41796 |a Arxiu |b Arxiu |d 2016-12-01 |l 0 |o FU-28-11 |p 11711 |r 2016-12-01 00:00:00 |w 2016-12-01 |y ARXIU | ||
| 999 | |c 43687 |d 43687 | ||